My Little Pony - Friendship is Magic - Characters - Statistics

General Stats
  • This quiz has been taken 1,419 times
    1,418 since last reset
  • The average score is 17 of 20
Answer Stats
Hint Answer % Correct
Runs a nearby orchard with her big brother, little sister, and grandmother Applejack
98%
She's great with animals! Fluttershy
97%
Works at a bakery, loves to party Pinkie Pie
97%
The fastest pegasus in Equestria Rainbow Dash
97%
Ponyville's Fashonista Rarity
97%
This pony lives in the library . . . literally Twilight Sparkle
97%
Ponyville's only resident dragon Spike
96%
Supreme ruler of Equestria Princess Celestia
94%
Was trapped on the moon for a millenium Princess Luna
93%
This red pony is the only male that runs Apple Family farm Big Macintosh
88%
The youngest filly on Apple Farm Apple Bloom
87%
Bringer of chaos and chocolate rain Discord
84%
Eldest Apple Farm resident Granny Smith
80%
Dash's biggest fan; rides a scooter Scootaloo
80%
Rarity's sister; talented singer Sweetie Belle
79%
This show-off claimed to have defeated an Ursa Major Trixie
79%
This filly wears her cutie mark on her head Diamond Tiara
64%
Background Character named by the fans Derpy Hooves
60%
The previous pony's best friend; wears glasses Silver Spoon
59%
Spoof character of a sci fi series; hourglass on flank Doctor Whooves
40%
No matching quizzes found
Score Distribution
Percent of People with Each Score
Percentile by Number Answered
Your Score History
You have not taken this quiz since the last reset